Statystyki dla XI Dekady 2001-2010 wg Tygodnika "Piłka Nożna"

Kliknij tutaj aby rozwiązać quiz!

Ogólne statystyki

  • Ten quiz został rozwiązany 49 razy
  • Średni wynik to 10 z 11

Statystyki odpowiedzi

PozycjaKrajKlubyZawodnik% Poprawnych
BRHiszpaniaReal M.Iker Casillas
98%
ŚOHiszpaniaBarcelonaCarles Puyol
96%
PSPortugaliaSporting/Man United/Real M.Cristiano Ronaldo
96%
NSzwecjaMalmo/Ajax/Juventus/Inter/Barcelona/MilanZlatan Ibrahimovic
96%
LSBrazyliaPSG/Barcelona/MilanRonaldinho
94%
ŚPAngliaLiverpoolSteven Gerrard
91%
POBrazyliaSevilla/BarcelonaDani Alves
87%
ŚPBrazyliaMilan/Real M.Kaka
87%
LOAngliaArsenal/ChelseaAshley Cole
83%
ŚOBrazyliaLeverkusen/Bayern/InterLucio
77%
NHolandiaPSV/Man United/Real M./HSVRuud van Nistelrooy
66%

Rozkład punktacji

Percentyl według liczby udzielonych odpowiedzi

Procent ludzi z każdym wynikiem

Twoja historia wyników

Nie rozwiązałeś tego quizu